LEADER 02485nam0 22003973i 450 001 NAP0025433 005 20231121125557.0 100 $a20001003d1988 ||||0itac50 ba 101 | $ager$aita$aslv 102 $aat 181 1$6z01$ai $bxxxe 182 1$6z01$an 200 1 $aHandbücher und Karten zur Verwaltungsstruktur in den Ländern Kärnten, Krain, Küstenland und Steiermark bis zum Jahre 1918$eein historisch-bibliographischer Führer$fRedaktion Joze Zontar$gunter Mitarbeit von Ugo Cova ... [et al.] - Graz[etc.] : [s. n.], c1988 (Graz : Styria) 210 $a375 p.$cc. geogr.$a25 cm 225 | $aVeröffentlichungen des Steiermärkischen Landesarchives$v15 300 $aFront. e testo anche in serbo-croato e italiano. 410 0$1001CFI0141346$12001 $aVeröffentlichungen des Steiermärkischen Landesarchives$v15 510 1 $aPrirocniki in karte o organizacijski strukturi v dezelah Koroski, Kranjski, Primorju in Stajerski do leta 1918$eZgodovinsko-bibliografski vodnik$9VEA0021305 510 1 $aManuali e carte sulle strutture amministrative nelle province di Carinzia, Carniola, Litorale e Stiria fino al 1918$eGuida storico-bibliografica$9VEA0021306 517 1 $aHandbuecher und Karten zur Verwaltungsstruktur in den Laendern Kaernten, Krain, Kuestenland und Steiermark bis zum Jahre 1918 : ein historisch-bibliographischer Fuehrer$9PAR1277743 606 $aAustria Interiore$xAmministrazione pubblica$x1747-1918$2FIR$3RMLC128749$9I 676 $a350.0009436$9$v21 700 1$a?ontar$b, Jo?e$3CFIV085738$0468736 702 1$aCova$b, Ugo$3CFIV007101 801 3$aIT$bIT-01$c20001003 850 $aIT-RM028 $aIT-RM0289 $aIT-RM0460 $aIT-RM1481 $aIT-FR0017 899 $aBiblioteca Universitaria Alessandrina$bRM028 899 $aBiblioteca Statale A. Baldini$bRM0289 899 $aBiblioteca Dell' Archivio Centrale Dello Stato$bRM0460 899 $aBiblioteca Della Società Dalmata Di Storia Patria$bRM1481 899 $aBiblioteca umanistica Giorgio Aprea$bFR0017 912 $aNAP0025433 950 0$aBiblioteca umanistica Giorgio Aprea$d 52MAG 7/162$e 52MAG0000209115 VMB RS $fA $h20120521$i20120521 977 $a 01$a 04$a 27$a 43$a 52 996 $aHandbücher und Karten zur Verwaltungsstruktur in den Ländern Kärnten, Krain, Küstenland und Steiermark bis zum Jahre 1918$93611663 997 $aUNICAS